Separácia levanduľového a ružového oleja komprehensívnou dvojrozmernou plynovou chromatografiou GCxGC-FID a GCxGC-QMSD
Uložené v:
| Hlavný autor: | |
|---|---|
| Médium: | Program Kniha |
| Jazyk: | Slovak |
| Vydavateľské údaje: |
Bratislava
STU FCHPT
2011
|
| On-line prístup: | View in OPAC |
| Tagy: |
Žiadne tagy, Buďte prvý, kto otaguje tento záznam!
|
MARC
| LEADER | 00000nam a2200000 a 4500 | ||
|---|---|---|---|
| 005 | 20260127134056.0 | ||
| 007 | co ugu | ||
| 008 | 110630 2011 xo 000 0 slo d | ||
| 035 | |a vtls010289831 | ||
| 039 | 9 | |a 202003021938 |b AUTHORITY |c 202003021933 |d AUTHORITY |y 201106301232 |z mschk03 | |
| 040 | |a STUSCHK1 |b slo |c STUSCHK1 |e AACR2 | ||
| 100 | 1 | |a Ochodnická, Petronela, |d 1985- |9 133 | |
| 245 | 1 | |a Separácia levanduľového a ružového oleja komprehensívnou dvojrozmernou plynovou chromatografiou GCxGC-FID a GCxGC-QMSD |c Petronela Ochodnická | |
| 260 | |a Bratislava |b STU FCHPT |c 2011 | ||
| 300 | |a 1 elektronický disk | ||
| 500 | |a Obháj.: 6.6. 2010 | ||
| 500 | |a Študijný program: technická chémia | ||
| 500 | |a Miesto vypracovania: Oddelenie analytickej chémie, FCHPT STU | ||
| 500 | |a Kombinácia študijných odborov: 4.1.14 chémia, 5.2.18 chemické technológie | ||
| 500 | |a Evidenčné číslo: FCHPT-5459-26395 | ||
| 500 | |a diplomová práca na CD-ROMe | ||
| 910 | |a SCHK95 | ||
| 999 | |c 3493 |d 3493 | ||